000 00750nas a2200253 4500
001 BR8200827
003 BR-BrBNA
005 20231205085027.0
007 ta
008 230509b bl.|||p| |||| 00| 00por d
040 _aBR-BrBNA
_bpor
_cBiblioteca Nacional de Agricultura
041 _a(Pt)
072 _aE70
100 1 _aTsunechiro, A.
100 1 _aNogueira Junior, S.
245 1 _aPratica do hedging: nova opcao para a agricultura [Mercado]
650 _aMERCADO
650 _aPRECO
650 _aVENDA
650 _aCOMPRA
773 0 _tInformacoes Economicas - Instituto de Economia Agricola (Brazil)
_xISSN 0100-4409
_g(Jan 1982), v. 12(1) p. 37-49
_wBR8200827
909 _a202311
_bLúcia
_c55
_dLúcia Elande
942 _2AGRIS
_n0
_cANA
999 _c108756
_d108756